[Event "POL-chT U19 2nd League"]
[Site "Borowice"]
[Date "2012.07.28"]
[Round "10"]
[White "Dadello, Krzysztof"]
[Black "Mika, Tomasz"]
[Result "1/2-1/2"]
[WhiteElo "1790"]
[BlackElo "1961"]
[PlyCount "140"]
[EventDate "2012.07.21"]
[EventType "team-swiss"]
[EventRounds "11"]
[EventCountry "POL"]
[SourceTitle "EXT 2014"]
[Source "ChessBase"]
[SourceDate "2013.11.20"]
[SourceVersion "1"]
[SourceVersionDate "2013.11.20"]
[SourceQuality "1"]
[WhiteTeam "Wroclaw KS Polonia U19"]
[BlackTeam "Brzozow UKS SP 1 U19"]
[WhiteTeamCountry "POL"]
[BlackTeamCountry "POL"]

1. g3 Nf6 2. c3 g6 3. Bg2 Bg7 4. Nf3 0-0 5. 0-0 d6 6. d4 c6 7. Re1 Bg4 8. Nbd2 Re8 9. Nb3 Qc8 10. e4 e5 11. dxe5 dxe5 12. Bg5 h6 13. Bd2 Nbd7 14. h3 Bxf3 15. Bxf3 Nb6 16. Bg2 Nc4 17. Qc2 Rd8 18. Rad1 Bf8 19. Bc1 Qe6 20. Rxd8 Rxd8 21. Rd1 Rxd1+ 22. Qxd1 Kg7 23. Nd2 g5 24. Qb3 Nb6 25. Qxe6 fxe6 26. b3 Bc5 27. Kf1 a5 28. Ke2 Kg6 29. Nf1 Nbd7 30. Ne3 b5 31. Nc2 h5 32. Be3 h4 33. g4 Ne8 34. Bxc5 Nxc5 35. Ne1 Kf6 36. Nd3 Nxd3 37. Kxd3 Ke7 38. c4 Kd6 39. cxb5 cxb5 40. a4 bxa4 41. bxa4 Kc5 42. Kc3 Nd6 43. f3 Nc4 44. Bf1 Ne3 45. Be2 Ng2 46. Bc4 Ne3 47. Be2 Kb6 48. Kd3 Ng2 49. Kc4 Kc6 50. Kb3 Ne1 51. Kc3 Kc5 52. Kd2 Ng2 53. Kc3 Ne3 54. Kd3 Nc4 55. Kc3 Nd6 56. Bd3 Nc8 57. Be2 Na7 58. Bf1 Kb6 59. Kc4 Nc8 60. Bd3 Ne7 61. Bf1 Nc6 62. Be2 Nd4 63. Bd1 Kc6 64. Kd3 Kd6 65. Kc4 Kc6 66. Kd3 Kc5 67. Kc3 Nc6 68. Be2 Nb4 69. Bd1 Na2+ 70. Kb2 Nb4 1/2-1/2

[Event "POL-chT U19 2nd League"]
[Site "Borowice"]
[Date "2012.07.26"]
[Round "8"]
[White "Reza, Wojciech"]
[Black "Mika, Tomasz"]
[Result "1-0"]
[WhiteElo "2070"]
[BlackElo "1961"]
[PlyCount "53"]
[EventDate "2012.07.21"]
[EventType "team-swiss"]
[EventRounds "11"]
[EventCountry "POL"]
[SourceTitle "EXT 2014"]
[Source "ChessBase"]
[SourceDate "2013.11.20"]
[SourceVersion "1"]
[SourceVersionDate "2013.11.20"]
[SourceQuality "1"]
[WhiteTeam "Radom UKS MDK U19"]
[BlackTeam "Brzozow UKS SP 1 U19"]
[WhiteTeamCountry "POL"]
[BlackTeamCountry "POL"]

1. a3 g6 2. d4 d5 3. Nf3 Bg7 4. e3 Bg4 5. c4 c6 6. Nc3 dxc4 7. Bxc4 e6 8. 0-0 Nd7 9. h3 Bxf3 10. Qxf3 Ngf6 11. Rd1 Nb6 12. Ba2 Nfd5 13. Ne4 0-0 14. Nc5 Qc8 15. e4 Ne7 16. Bg5 Re8 17. Qf4 Qb8 18. Qh4 Qc7 19. Bf4 Qc8 20. Bd6 Bf8 21. Qf4 Rd8 22. Be5 Bg7 23. Bxg7 Kxg7 24. Qe5+ Kf8 25. Nxe6+ fxe6 26. Qf6+ Ke8 27. Bxe6 1-0

[Event "POL-chT U19 2nd League"]
[Site "Borowice"]
[Date "2012.07.23"]
[Round "4"]
[White "Mika, Tomasz"]
[Black "Banach, Szymon"]
[Result "1-0"]
[WhiteElo "1961"]
[BlackElo "1759"]
[PlyCount "101"]
[EventDate "2012.07.21"]
[EventType "team-swiss"]
[EventRounds "11"]
[EventCountry "POL"]
[SourceTitle "EXT 2014"]
[Source "ChessBase"]
[SourceDate "2013.11.20"]
[SourceVersion "1"]
[SourceVersionDate "2013.11.20"]
[SourceQuality "1"]
[WhiteTeam "Brzozow UKS SP 1 U19"]
[BlackTeam "Gniezno LKS Chrobry U19"]
[WhiteTeamCountry "POL"]
[BlackTeamCountry "POL"]

1. e4 c5 2. Nf3 d6 3. d4 cxd4 4. Nxd4 Nf6 5. Nc3 g6 6. Be3 Bg7 7. Qd2 Nc6 8. f3 0-0 9. Bc4 Bd7 10. 0-0-0 Rc8 11. Bb3 Na5 12. h4 h5 13. Bh6 Nc4 14. Bxc4 Rxc4 15. Bxg7 Kxg7 16. g4 b5 17. g5 Ng8 18. Nd5 e6 19. Ne3 Rc5 20. Nb3 Rc6 21. f4 Ne7 22. Rhf1 Qc7 23. Kb1 b4 24. f5 exf5 25. exf5 Nxf5 26. Nd5 Qb8 27. Nd4 Rc4 28. Nxf5+ Bxf5 29. Ne3 Rc5 30. Nxf5+ gxf5 31. Qd4+ Re5 32. Rxf5 Rfe8 33. b3 Qb6 34. Qf4 R8e7 35. Rf1 Rxf5 36. Qxf5 Qc7 37. Qf6+ Kg8 38. g6 fxg6 39. Qxg6+ Rg7 40. Qe8+ Kh7 41. Qxh5+ Kg8 42. Re1 Re7 43. Rxe7 Qxe7 44. Qg5+ Qxg5 45. hxg5 Kg7 46. Kc1 Kg6 47. Kd2 Kxg5 48. Kd3 Kf5 49. Kc4 Ke5 50. Kxb4 d5 51. Kc5 1-0

[Event "POL-chT U19 2nd League"]
[Site "Borowice"]
[Date "2012.07.22"]
[Round "2"]
[White "Worobiej, Daniel"]
[Black "Mika, Tomasz"]
[Result "0-1"]
[WhiteElo "1815"]
[BlackElo "1961"]
[PlyCount "136"]
[EventDate "2012.07.21"]
[EventType "team-swiss"]
[EventRounds "11"]
[EventCountry "POL"]
[SourceTitle "EXT 2014"]
[Source "ChessBase"]
[SourceDate "2013.11.20"]
[SourceVersion "1"]
[SourceVersionDate "2013.11.20"]
[SourceQuality "1"]
[WhiteTeam "Otwock UKS MDK U19"]
[BlackTeam "Brzozow UKS SP 1 U19"]
[WhiteTeamCountry "POL"]
[BlackTeamCountry "POL"]

1. e4 c5 2. Nf3 e6 3. Nc3 Nc6 4. Bb5 Qb6 5. 0-0 a6 6. Bxc6 Qxc6 7. d4 cxd4 8. Nxd4 Qc7 9. Re1 d6 10. a4 Nf6 11. Be3 Be7 12. a5 Bd7 13. Nb3 Rc8 14. Bb6 Qb8 15. Qe2 0-0 16. Rad1 Bc6 17. Nd4 Nd7 18. Nxc6 Rxc6 19. Nd5 exd5 20. exd5 Rxb6 21. Qxe7 Rxb2 22. Qxd7 Rxc2 23. Re7 b6 24. Qa7 Qxa7 25. Rxa7 bxa5 26. Rxa6 Rfc8 27. Rxa5 Rd2 28. Raa1 Rxd1+ 29. Rxd1 g6 30. g3 Kg7 31. Kg2 Rc3 32. Rd4 h6 33. h3 g5 34. h4 Kf6 35. hxg5+ hxg5 36. f4 g4 37. Rd2 Re3 38. Kf2 Rf3+ 39. Kg2 Kf5 40. Rd4 Ra3 41. Kf2 Rf3+ 42. Kg2 f6 43. Kh2 Re3 44. Kg2 Re2+ 45. Kf1 Re4 46. Rd3 Ra4 47. Ke2 Ke4 48. Re3+ Kxd5 49. Rd3+ Rd4 50. Ra3 Ke4 51. Re3+ Kf5 52. Ra3 Rb4 53. Ke3 Re4+ 54. Kd3 Re1 55. Kd4 Rf1 56. Ra5+ Ke6 57. Ra3 Rd1+ 58. Ke3 Rb1 59. Kd4 Rb4+ 60. Ke3 Rb5 61. Kd4 Rb6 62. Re3+ Kf5 63. Kd5 Ra6 64. Rb3 Ra1 65. Kxd6 Re1 66. Rb5+ Kg6 67. Rb3 Rf1 68. Ke6 Rf3 0-1

[Event "Krakow op-B 22nd"]
[Site "Krakow"]
[Date "2011.12.27"]
[Round "1"]
[White "Mika, Tomasz"]
[Black "Rychlik, Bogdan"]
[Result "1-0"]
[WhiteElo "2016"]
[BlackElo "1807"]
[PlyCount "64"]
[EventDate "2011.12.27"]
[EventType "swiss"]
[EventRounds "9"]
[EventCountry "POL"]
[SourceTitle "CBM 146 Extra"]
[Source "ChessBase"]
[SourceDate "2012.02.29"]
[SourceVersion "1"]
[SourceVersionDate "2012.02.29"]
[SourceQuality "1"]

1. e4 c5 2. Nf3 Nc6 3. d4 cxd4 4. Nxd4 e5 5. Nxc6 bxc6 6. Qh5 Qc7 7. Bc4 d5 8. exd5 Nf6 9. Qf3 e4 10. Qe2 Bd6 11. Bg5 Nxd5 12. Qxe4+ Be6 13. 0-0 Bxh2+ 14. Kh1 Bd6 15. Nc3 h6 16. Bd2 Nf6 17. Qe2 0-0 18. Bxe6 Rfe8 19. Bxf7+ Qxf7 20. Qf3 Qg6 21. g3 Ng4 22. Kg2 Rac8 23. Qd3 Qe6 24. Rae1 Ne5 25. Qd4 Rcd8 26. Bf4 g5 27. Bxe5 Bxe5 28. Qxa7 Re7 29. Qa4 c5 30. Ne4 Rd4 31. Qb3 c4 32. Qb5 Rd8 1-0

[Event "Zlota Wieze 50"]
[Site "Pultusk"]
[Date "2008.07.04"]
[Round "7.8"]
[White "Mika, Tomasz"]
[Black "Waluszek, Stanislaw"]
[Result "0-1"]
[WhiteElo "2021"]
[BlackElo "2013"]
[PlyCount "87"]
[EventDate "2008.06.30"]
[EventType "team"]
[EventRounds "9"]
[EventCountry "POL"]
[SourceTitle "EXT 2020"]
[Source "ChessBase"]
[SourceDate "2019.10.17"]
[SourceVersion "1"]
[SourceVersionDate "2019.10.17"]
[SourceQuality "1"]

1. e4 d6 2. d4 g6 3. Nc3 Bg7 4. Bg5 c5 5. dxc5 Qa5 6. Bb5+ Bd7 7. Bxd7+ Nxd7 8. Bd2 Qxc5 9. Nge2 Ngf6 10. 0-0 0-0 11. Kh1 Ng4 12. Be1 Rac8 13. h3 Ngf6 14. Ng3 b5 15. a3 a5 16. Rc1 b4 17. axb4 axb4 18. Nce2 Qe5 19. Bxb4 Qxb2 20. c3 Qa2 21. f4 Rfe8 22. Nd4 Nc5 23. Ra1 Qc4 24. e5 Nfe4 25. Nxe4 Nxe4 26. Rf3 dxe5 27. fxe5 Bxe5 28. Ra4 Ng3+ 29. Kg1 Bxd4+ 30. cxd4 Qxd4+ 31. Qxd4 Ne2+ 32. Kh2 Nxd4 33. Rf2 Rc4 34. Rfa2 e5 35. Ra8 Rxa8 36. Rxa8+ Kg7 37. Bf8+ Kf6 38. Bh6 Nf5 39. Ra6+ Ke7 40. Bg5+ Kd7 41. Ra7+ Rc7 42. Ra6 Nd6 43. Kg3 f6 44. Bxf6 0-1